| 000 | 00522nam a2200181Ia 4500 | ||
|---|---|---|---|
| 005 | 20250326123739.0 | ||
| 008 | 250326s9999 xx 000 0 und d | ||
| 037 | _aTextbook | ||
| 040 |
_aFMSL _beng _cFMSL |
||
| 041 |
_aeng _2eng |
||
| 084 |
_aL.571 M0 _qFMSL |
||
| 100 |
_aHeidenheimer A J _9735981 |
||
| 245 | 0 |
_aShaping of the swedish health system _cHeidenheimer A J; Elvander N |
|
| 260 |
_aLondon _bLondon, Croom Helm _c1980 |
||
| 300 | _a245p | ||
| 942 |
_cTB _hL.571 M0 |
||
| 999 |
_c1270782 _d1270782 |
||